000 00499 a2200205 4500
005 20260401102337.0
008 260325b |||||||| |||| 00| 0 eng d
020 _a9789393168368
_cRs. 895.00
040 _aMAIN
082 _a575.1
_bS64F(6)
100 _aSingh, B D
245 _aFundamentals of genetics
250 _a6th
260 _bMedtech Science Press
_c2026
_aNew Delhi
300 _axxx, 702
650 _aGenetics
650 _aLife Science
650 _aBiology
942 _cBK
999 _c396792
_d396792